书目信息 |
| 题名: |
家具制作技术及图例
|
|
| 作者: | 井炳炎 编著 | |
| 分册: | ||
| 出版信息: | 南京 江苏科学技术出版社 1981.8 |
|
| 页数: | 249页 | |
| 开本: | 26cm | |
| 丛书名: | ||
| 单 册: | ||
| 中图分类: | TS654 | |
| 科图分类: | ||
| 主题词: | 木材加工 | |
| 电子资源: | ||
| ISBN: | ||
| 000 | 00525nam0 2200181 45 | |
| 001 | 0181011371 | |
| 005 | 20060413153254.31 | |
| 010 | @dCNY1.15 | |
| 100 | @a20810111d km y0chiy0120 ea | |
| 101 | 0 | @achi |
| 200 | 1 | @a家具制作技术及图例@Ajia ju zhi zuo ji shu ji tu li@f井炳炎等编著@Fjing bing yan deng bian zhu |
| 210 | @a南京@c江苏科学技术出版社@d1981.8 | |
| 215 | @a249页@d26cm | |
| 606 | 0 | @a木材加工 |
| 690 | @aTS654 | |
| 701 | 0 | @a井炳炎@Ajing bing yan@4编著 |
| 801 | @aCN@bTSTC@c20060413 | |
| 905 | @dTS654@e13@f1@b59700 | |
| 家具制作技术及图例/井炳炎等编著.-南京:江苏科学技术出版社,1981.8 |
| 249页;26cm |
| ISBN :CNY1.15 |
| ● |
| 相关链接 |
|
|
|
|
正题名:家具制作技术及图例
索取号:TS654/13
 
预约/预借
| 序号 | 登录号 | 条形码 | 馆藏地/架位号 | 状态 | 备注 |
| 1 | 0059700 | 202257547 | 密集书库/ [索取号:TS654/13] | 在馆 |